Clergywomen : problems and satisfactions /

সংরক্ষণ করুন:
গ্রন্থ-পঞ্জীর বিবরন
প্রধান লেখক: Hale, Harry
বিন্যাস: গ্রন্থ
ভাষা:ইংরেজি
প্রকাশিত: Drawer L : Fairway, c1985.
বিষয়গুলি:
ট্যাগগুলো: ট্যাগ যুক্ত করুন
কোনো ট্যাগ নেই, প্রথমজন হিসাবে ট্যাগ করুন!

MARC

LEADER 00000cam a22000002a 4500
001 0000004355
003 DAYSTAR
005 20171002014311.0
008 030703s1985 xx 001 0 eng d
020 |a 0895369966 
040 |a Daystar 
040 |d COnyango 
050 0 0 |a BV 676  |b .H35 
100 1 |a Hale, Harry. 
245 1 0 |a Clergywomen :  |b problems and satisfactions /  |c By Harry Hale. 
260 |a Drawer L :  |b Fairway,  |c c1985. 
300 |a 125 p. 
650 0 |a Women clergy. 
908 |a 060412 
942 |c G 
952 |0 0  |1 0  |4 0  |6 BV_676_000000000000000_H35  |7 0  |9 346  |a DUA  |b DUA  |c GC  |d 2017-09-28  |l 0  |o BV 676.H35  |p BK005776  |r 2017-09-28 00:00:00  |w 2017-09-28  |x 59162  |y G 
999 |c 251  |d 251